000 00806nam0a22002531 4500
001 rc\3016151
005 20250806201157.0
035 _a(NLR Aleph) 007158435
090 _a10287
_c10287
100 _a20110926d1941 u y0rusy50 ca
101 0 _arus
102 _aRU
105 _ay z |||||
200 1 _aГитлеровская шайка обманывает немецких рабочих и крестьян
210 _aНовосибирск
_cОбл. изд-во
_d1941
215 _a15 с.
_d17 см
700 1 _aЗобачев
_bИ.Г.
_gИван Григорьевич
801 0 _aRU
_bNLR
_gpsbo
801 1 _aRU
_bELAR
_2rusmarc
852 _aNLR
_jИ54 Г-2/108
942 _cBOOK
945 _aРоссийская национальная библиотека
980 _aNB
980 _aBV